| 000 | 00558nam a2200205Ia 4500 | ||
|---|---|---|---|
| 999 |
_c38441 _d38441 |
||
| 003 | GCL | ||
| 005 | 20240530103319.0 | ||
| 008 | 140319s9999 xx 000 0 ara d | ||
| 040 |
_aGCL / _cGCL |
||
| 082 | 0 | 4 |
_a791.43 _bس ك |
| 100 | 1 | _aسمير فريد | |
| 245 | 1 | 0 |
_aكتاب السينما / _cسمير فريد |
| 300 | _a92 ص | ||
| 650 | 0 | 4 | _aالتليفزيون |
| 650 | 0 | 4 | _aوسائل الاعلام |
| 650 | 0 | 4 | _aافلام سينمائية |
| 700 | 1 | _aفتحى فرج | |
| 700 | 1 | _aيوسف شريف رزق الله | |
| 942 |
_2ddc _cBK |
||